[Event "17e open 1hKO"]
[Site "Montigny le Bretonneux"]
[Date "2013.05.18"]
[Round "2.13"]
[White "De Romance, Flavien"]
[Black "Soleranski, Vincent"]
[Result "0-1"]
[WhiteElo "1310"]
[BlackElo "1478"]
[PlyCount "36"]
[EventDate "2013.04.??"]
[EventType "swiss"]
[EventRounds "7"]
[EventCountry "FRA"]
[SourceDate "2005.09.12"]

{Défense française, variante d'avance} 1. d4 e6 2. e4 d5 3. e5 f6 4. Nf3 fxe5
5. dxe5 Nc6 6. Bb5 Bd7 7. Nc3 g6 8. O-O Bg7 9. Bg5 Nge7 10. Qd4 Nf5 11. Bxd8
Ncxd4 12. Nxd4 Rxd8 13. Bxd7+ Rxd7 14. Nxe6 Bxe5 15. Rfe1 Bxc3 16. bxc3 Kf7 17.
Ng5+ Kg7 18. Rad1 {suite illisible} Kf6 0-1

[Event "17e open 1hKO"]
[Site "Montigny le Bretonneux"]
[Date "2013.05.18"]
[Round "2.14"]
[White "Verat-Fayolle, Celian"]
[Black "Stonner, Martin"]
[Result "1-0"]
[WhiteElo "1270"]
[BlackElo "1440"]
[PlyCount "119"]
[EventDate "2013.04.??"]
[EventType "swiss"]
[EventRounds "7"]
[EventCountry "FRA"]
[SourceDate "2005.09.12"]

{Défensez Petroff} 1. e4 e5 2. Nf3 d6 3. Bc4 Nf6 4. Nc3 h6 5. O-O Be7 6. d4 Nc6
7. dxe5 dxe5 8. Be3 O-O 9. Qxd8 Rxd8 10. Rad1 Be6 11. Bxe6 fxe6 12. Nb5 Rac8
13. Rxd8+ Bxd8 14. Rd1 Nxe4 15. Nd2 Ng5 16. Nb3 Bf6 17. Nc5 a6 18. Bxg5 Bxg5
19. Nc3 b6 20. Nxe6 Kf7 21. Nxg5+ hxg5 22. g4 Nd4 23. Ne4 Kg6 24. c3 Ne2+ 25.
Kg2 Nf4+ 26. Kf3 c5 27. Rd6+ Kh7 28. Rxb6 g6 29. Nxg5+ Kh6 30. h4 a5 31. Rd6
Kg7 32. Ne6+ Nxe6 33. Rxe6 Rf8+ 34. Kg3 a4 35. Rxe5 Rc8 36. h5 gxh5 37. Rxh5 c4
38. f4 Rb8 39. Rh2 a3 40. bxa3 Ra8 41. Kh4 Rxa3 42. g5 Rxc3 43. Rd2 Rd3 44. Rc2
c3 45. f5 Re3 46. Kh5 Rh3+ 47. Kg4 Rd3 48. g6 Kf6 49. a4 Rd4+ 50. Kf3 Rxa4 51.
Rxc3 Kxf5 52. g7 Rg4 53. Rc5+ Kf6 54. Kxg4 Kxg7 55. Rc6 Kf7 56. Kf5 Ke7 57. Rh6
Kd7 58. Ke5 Ke7 59. Rh7+ Kd8 60. Ke6 1-0

[Event "17e open 1hKO"]
[Site "Montigny le Bretonneux"]
[Date "2013.05.18"]
[Round "3.1"]
[White "Etrog, Jonathan"]
[Black "Claisse, Patrick"]
[Result "1-0"]
[WhiteElo "2210"]
[BlackElo "1836"]
[PlyCount "41"]
[EventDate "2013.04.??"]
[EventType "swiss"]
[EventRounds "7"]
[EventCountry "FRA"]
[SourceDate "2005.09.12"]

{Gambit dame, défense Tarrasch, variante de Prague} 1. c4 Nf6 2. g3 c5 3. Bg2
Nc6 4. Nc3 e6 5. Nf3 d5 6. cxd5 exd5 7. d4 cxd4 8. Nxd4 Be7 9. O-O O-O 10. Bg5
Nxd4 11. Qxd4 Be6 12. Rac1 Qa5 13. Qd2 Kh8 14. Be3 Rfd8 15. Rfd1 Rac8 16. Bd4
Ne8 17. Qe3 Bc5 18. Bxc5 Rxc5 19. b3 Nf6 20. Qd4 Rdc8 21. b4 1-0

[Event "17e open 1hKO"]
[Site "Montigny le Bretonneux"]
[Date "2013.05.18"]
[Round "3.2"]
[White "Francois, Jean"]
[Black "Goulenok, Eric"]
[Result "1-0"]
[WhiteElo "1823"]
[BlackElo "2187"]
[PlyCount "96"]
[EventDate "2013.04.??"]
[EventType "swiss"]
[EventRounds "7"]
[EventCountry "FRA"]
[SourceDate "2005.09.12"]

{Ouverture irrégulière} 1. b4 e5 2. Bb2 d6 3. e4 Nf6 4. Nc3 Be6 5. Nf3 Nc6 6.
a3 h6 7. Be2 g6 8. h3 Bg7 9. O-O O-O 10. Rb1 Nd4 11. d3 Nxe2+ 12. Nxe2 Qd7 13.
Kh2 Nh5 14. Qd2 f5 15. exf5 Rxf5 16. Nh4 Rg5 17. f4 exf4 18. Bxg7 Qxg7 19. Nxf4
Bd7 20. Rbe1 Nxf4 21. Rxf4 Rf8 22. Rxf8+ Qxf8 23. d4 Qf6 24. Nf3 Rh5 25. Qe3 a5
26. c3 axb4 27. axb4 Bc6 28. Qe6+ Qxe6 29. Rxe6 Kf7 30. Re3 Rf5 31. c4 g5 32.
b5 Bd7 33. g4 Rf4 34. Kg3 Be6 35. d5 Bd7 36. Rc3 Kf6 37. Kf2 h5 38. gxh5 Bxh3
39. Kg3 Bf5 40. h6 Rg4+ 41. Kf2 b6 42. Rc1 Rf4 43. Kg3 Be4 44. Nd4 Bxd5 45.
cxd5 Rxd4 46. Rxc7 Rh4 47. h7 Ke5 48. Rg7 Kxd5 1-0

[Event "17e open 1hKO"]
[Site "Montigny le Bretonneux"]
[Date "2013.05.18"]
[Round "3.3"]
[White "Branson, James"]
[Black "Bouvier, Clement"]
[Result "1-0"]
[WhiteElo "1722"]
[BlackElo "1895"]
[PlyCount "76"]
[EventDate "2013.04.??"]
[EventType "swiss"]
[EventRounds "7"]
[EventCountry "FRA"]
[SourceDate "2005.09.12"]

{Défense Caro-Kann, variante d'avance} 1. e4 c6 2. d4 d5 3. f3 e6 4. Bd3 dxe4
5. fxe4 Qxd4 6. Nf3 Qb6 7. e5 Ne7 8. Nbd2 Nd5 9. Nc4 Qc7 10. O-O h6 11. Qe2 b5
12. Ne3 Nf4 13. Qd1 Nxd3 14. cxd3 c5 15. b3 Bb7 16. Bb2 Qb6 17. Kh1 Nc6 18. Qe2
Rd8 19. Rad1 Be7 20. Ng4 Nd4 21. Nxd4 cxd4 22. Nf6+ gxf6 23. exf6 Bf8 24. Qg4
h5 25. Qh4 Rg8 26. Rd2 Rd5 27. Rc2 Rg4 28. Qe1 Rdg5 29. Rff2 h4 30. Kg1 Bd6 31.
Qc1 h3 32. g3 Bxg3 33. hxg3 Rxg3+ 34. Kh2 Qd6 35. Rc8+ Kd7 36. Rf4 Rg2+ 37.
Kxh3 Rh5+ 38. Rh4 Qh2# 1-0

[Event "17e open 1hKO"]
[Site "Montigny le Bretonneux"]
[Date "2013.05.18"]
[Round "3.4"]
[White "Duval, Sylvain"]
[Black "Forissier, Nicolas"]
[Result "1/2-1/2"]
[WhiteElo "1972"]
[BlackElo "1966"]
[PlyCount "62"]
[EventDate "2013.04.??"]
[EventType "swiss"]
[EventRounds "7"]
[EventCountry "FRA"]
[SourceDate "2005.09.12"]

{Ouverture anglaise, variante symétrique classique} 1. c4 Nf6 2. g3 g6 3. Bg2
Bg7 4. Nc3 O-O 5. Nf3 c5 6. O-O Nc6 7. d3 d6 8. a3 Bd7 9. Bd2 Rb8 10. Rb1 a5
11. Nb5 Ne8 12. b4 axb4 13. axb4 Nxb4 14. Bxb4 Bxb5 15. Bxc5 Bc6 16. Be3 b5 17.
cxb5 Rxb5 18. Rxb5 Bxb5 19. Qb3 Bd7 20. Rc1 Nf6 21. h3 Be6 22. Qb7 Nd5 23. Bd4
Bh6 24. e3 Qb8 25. Qxb8 Rxb8 26. Nd2 Bg7 27. Bxg7 Kxg7 28. Bxd5 Bxd5 29. Rc2
Ra8 30. e4 Be6 31. Kg2 f5 1/2-1/2

[Event "17e open 1hKO"]
[Site "Montigny le Bretonneux"]
[Date "2013.05.18"]
[Round "3.5"]
[White "Hurlot, Rodolphe"]
[Black "Ferreira, Carlos"]
[Result "0-1"]
[WhiteElo "1754"]
[BlackElo "1813"]
[PlyCount "47"]
[EventDate "2013.04.??"]
[EventType "swiss"]
[EventRounds "7"]
[EventCountry "FRA"]
[SourceDate "2005.09.12"]

{Défense sicilienne, gambit Morra} 1. e4 c5 2. d4 cxd4 3. c3 dxc3 4. Nxc3 e6 5.
Nf3 Bb4 6. Bc4 Nf6 7. Qe2 d5 8. exd5 Nxd5 9. Bd2 Nxc3 10. bxc3 Bd6 11. O-O O-O
12. Bg5 Qc7 13. Rfd1 Be7 14. Qe4 Nc6 15. Bf4 Qa5 16. Rac1 Qf5 17. Qe3 Bc5 18.
Nd4 Qf6 19. Qf3 Nxd4 20. cxd4 Bxd4 21. Bg5 Qf5 22. Bd3 Be5 23. Qe3 Qg4 24. h3 {
suite illisible} 0-1

[Event "17e open 1hKO"]
[Site "Montigny le Bretonneux"]
[Date "2013.05.18"]
[Round "3.6"]
[White "Mundell, Peter"]
[Black "Fosse, Jean-Claude"]
[Result "1-0"]
[WhiteElo "1927"]
[BlackElo "1443"]
[PlyCount "67"]
[EventDate "2013.04.??"]
[EventType "swiss"]
[EventRounds "7"]
[EventCountry "FRA"]
[SourceDate "2005.09.12"]

{Ouverture du pion dame} 1. d4 Nf6 2. Nf3 c5 3. g3 cxd4 4. Nxd4 e6 5. Bg2 a6 6.
O-O Qc7 7. b3 Nc6 8. Bb2 Nxd4 9. Bxd4 Be7 10. c4 O-O 11. Qd3 Rb8 12. Nc3 b6 13.
Rac1 Bb7 14. e4 d6 15. Rfe1 Nd7 16. Rcd1 Nc5 17. Qe3 Rbd8 18. f4 Rfe8 19. Qe2
Qb8 20. Rd2 e5 21. Be3 Ba8 22. f5 Nd7 23. Red1 Nf6 24. Bg5 h6 25. Bxf6 Bxf6 26.
Nd5 Bxd5 27. cxd5 b5 28. Rc2 Rc8 29. Rdc1 Bg5 30. Rxc8 Rxc8 31. Rc2 Be3+ 32.
Kf1 Rxc2 33. Qxc2 Bc5 34. Qc3 1-0

[Event "17e open 1hKO"]
[Site "Montigny le Bretonneux"]
[Date "2013.05.18"]
[Round "3.7"]
[White "Duval, Dominique"]
[Black "Chambourdon, Alain"]
[Result "1-0"]
[WhiteElo "1780"]
[BlackElo "1560"]
[PlyCount "109"]
[EventDate "2013.04.??"]
[EventType "swiss"]
[EventRounds "7"]
[EventCountry "FRA"]
[SourceDate "2005.09.12"]

{Défense hollandaise} 1. d4 f5 2. Nf3 g6 3. Bg5 Bg7 4. e3 Nf6 5. Bc4 d5 6. Bb3
O-O 7. h3 c6 8. Nbd2 Qe8 9. c4 e6 10. O-O Nbd7 11. Bf4 Ne4 12. Nxe4 fxe4 13.
Nd2 Nf6 14. Be5 Nd7 15. Bxg7 Kxg7 16. f4 Nf6 17. Rc1 Bd7 18. Qe1 Qf7 19. cxd5
exd5 20. g4 Kh8 21. Qh4 Qg7 22. Kh2 Be8 23. Rg1 Rc8 24. g5 Nh5 25. Bxd5 cxd5
26. Rxc8 Bc6 27. Rxf8+ Qxf8 28. a3 Ng7 29. Qf2 Qd6 30. Rc1 Kg8 31. b4 a6 32.
Nb3 Ne6 33. Kg2 Qe7 34. Na5 Nd8 35. Qa2 Qd7 36. Nxc6 Nxc6 37. Rc5 Kf7 38. Qxd5+
Qxd5 39. Rxd5 Ke6 40. Rc5 Kd6 41. h4 b6 42. Re5 Nxe5 43. fxe5+ Ke6 44. Kg3 Kf5
45. a4 b5 46. axb5 axb5 47. Kh3 Ke6 48. Kg4 Kf7 49. Kf4 Ke6 50. Kxe4 Ke7 51.
Kd5 Kd7 52. e4 Ke7 53. e6 Kd8 54. Kd6 Ke8 55. e7 1-0

[Event "17e open 1hKO"]
[Site "Montigny le Bretonneux"]
[Date "2013.05.18"]
[Round "3.8"]
[White "Mourgues, Joelle"]
[Black "Sellier, Alexandre"]
[Result "1-0"]
[WhiteElo "1737"]
[BlackElo "1180"]
[PlyCount "63"]
[EventDate "2013.04.??"]
[EventType "swiss"]
[EventRounds "7"]
[EventCountry "FRA"]
[SourceDate "2005.09.12"]

{Début Reti, système Barcza} 1. Nf3 Nc6 2. d3 d5 3. g3 Bg4 4. Bg2 Nf6 5. O-O e5
6. c3 Bxf3 7. exf3 Bd6 8. Nd2 O-O 9. a4 h6 10. Qc2 d4 11. Nc4 a6 12. f4 b5 13.
Nxd6 Qxd6 14. fxe5 Nxe5 15. axb5 axb5 16. Rxa8 Rxa8 17. Bxa8 dxc3 18. Bf4 cxb2
19. Qxb2 Nxd3 20. Bxd6 Nxb2 21. Bxc7 Nd5 22. Bxd5 b4 23. Re1 Nd3 24. Re8+ Kh7
25. Be4+ g6 26. Bxd3 b3 27. Be5 f6 28. Bxf6 h5 29. h4 b2 30. f4 b1=Q+ 31. Bxb1
Kh6 32. Rh8# 1-0

[Event "17e open 1hKO"]
[Site "Montigny le Bretonneux"]
[Date "2013.05.18"]
[Round "3.9"]
[White "Mcintosh, Antoine"]
[Black "Artieres, Michel"]
[Result "0-1"]
[WhiteElo "1110"]
[BlackElo "1700"]
[PlyCount "50"]
[EventDate "2013.04.??"]
[EventType "swiss"]
[EventRounds "7"]
[EventCountry "FRA"]
[SourceDate "2005.09.12"]

{Défense scandinave} 1. e4 d5 2. Nf3 dxe4 3. Ne5 Nf6 4. Nxf7 Kxf7 5. Bb5 c6 6.
Bc4+ e6 7. d3 Bc5 8. dxe4 Qxd1+ 9. Kxd1 Nxe4 10. Re1 Nxf2+ 11. Ke2 Ng4 12. h3
Nf6 13. Nc3 b5 14. Bd3 Nbd7 15. Bf4 e5 16. Bg5 h6 17. Bd2 Re8 18. Rf1 Kg8 19.
Rf3 e4 20. Nxe4 Nxe4 21. Bf4 Ng5+ 22. Be3 Nxf3 23. Kxf3 Rxe3+ 24. Kf4 Nf6 25.
Bg6 Nd5# 0-1

[Event "17e open 1hKO"]
[Site "Montigny le Bretonneux"]
[Date "2013.05.18"]
[Round "3.10"]
[White "Mongey, Alain"]
[Black "Verat-Fayolle, Celian"]
[Result "1-0"]
[WhiteElo "1667"]
[BlackElo "1270"]
[PlyCount "91"]
[EventDate "2013.04.??"]
[EventType "swiss"]
[EventRounds "7"]
[EventCountry "FRA"]
[SourceDate "2005.09.12"]

{Partie du pion dame} 1. d4 Nf6 2. Bg5 d5 3. Nf3 Nc6 4. e3 Bf5 5. a3 Qd7 6. c4
O-O-O 7. Nc3 h6 8. Bh4 g5 9. Bg3 Ne4 10. Nxd5 Nxg3 11. hxg3 Bg7 12. b4 e6 13.
Nc3 g4 14. Nh4 e5 15. d5 e4 16. Rc1 Bxc3+ 17. Rxc3 Be6 18. Qc2 Qd6 19. Qxe4
Nxb4 20. axb4 Qxb4 21. Qc2 Bd7 22. Be2 Ba4 23. Qc1 c6 24. Bxg4+ Kb8 25. O-O h5
26. Bd1 Bxd1 27. Rxd1 Rhe8 28. Qa3 Qxa3 29. Rxa3 a6 30. Nf5 Re5 31. Nd4 cxd5
32. cxd5 Rexd5 33. Rb1 Ka8 34. Rb5 Rxb5 35. Nxb5 Rd1+ 36. Kh2 Rd5 37. Nc7+ Kb8
38. Nxd5 f5 39. Kh3 Kc8 40. Kh4 Kd7 41. Kxh5 Kc6 42. Ne7+ Kc5 43. Ra5+ Kd6 44.
Nxf5+ Kc6 45. e4 Kb6 46. Rd5 1-0

[Event "17e open 1hKO"]
[Site "Montigny le Bretonneux"]
[Date "2013.05.18"]
[Round "3.11"]
[White "Soleranski, Vincent"]
[Black "Hedjazian, Farhad"]
[Result "0-1"]
[WhiteElo "1478"]
[BlackElo "1653"]
[PlyCount "72"]
[EventDate "2013.04.??"]
[EventType "swiss"]
[EventRounds "7"]
[EventCountry "FRA"]
[SourceDate "2005.09.12"]

{Défense sicilienne} 1. e4 c5 2. Nf3 d6 3. c3 Nf6 4. d3 g6 5. Be3 Bg7 6. Nbd2
Ng4 7. d4 Nxe3 8. fxe3 cxd4 9. exd4 O-O 10. Bc4 Nd7 11. O-O Qb6 12. b3 e5 13.
Ng5 Nf6 14. Ndf3 Bg4 15. Qe1 Rac8 16. Qf2 Bxf3 17. Nxf3 Nxe4 18. Qe3 Nf6 19.
Rae1 d5 20. dxe5 Qxe3+ 21. Rxe3 Ng4 22. Rd3 dxc4 23. bxc4 Nxe5 24. Nxe5 Bxe5
25. Rd7 Rxc4 26. Rxb7 Rxc3 27. g3 Bd4+ 28. Kh1 Ra3 29. Rf4 Bb6 30. Rb4 Rxa2 31.
R4xb6 axb6 32. Rxb6 Rd8 33. Rb1 Rdd2 34. g4 Rxh2+ 35. Kg1 Rag2+ 36. Kf1 Rxg4
0-1

[Event "17e open 1hKO"]
[Site "Montigny le Bretonneux"]
[Date "2013.05.18"]
[Round "3.12"]
[White "Geffrotin, Daniel"]
[Black "Gauthier, Arnaud"]
[Result "0-1"]
[WhiteElo "1600"]
[BlackElo "1853"]
[PlyCount "70"]
[EventDate "2013.04.??"]
[EventType "swiss"]
[EventRounds "7"]
[EventCountry "FRA"]
[SourceDate "2005.09.12"]

{Partie du pion dame} 1. d4 d5 2. Nf3 Nf6 3. e3 e6 4. Bd3 Bd6 5. O-O O-O 6.
Nbd2 Nbd7 7. e4 dxe4 8. Nxe4 Nxe4 9. Bxe4 Nf6 10. Bd3 h6 11. Re1 b6 12. c3 Bb7
13. h3 Rc8 14. Ne5 c5 15. Bc2 cxd4 16. cxd4 Bb4 17. Re3 Qd5 18. Rg3 Kh8 19. a3
Bd6 20. Bf4 g5 21. Be3 Bxe5 22. dxe5 Qxd1+ 23. Bxd1 Nd5 24. Bd2 Rfd8 25. Bh5 f5
26. exf6 Nxf6 27. Bc3 Rxc3 28. Rxc3 Nxh5 29. Re1 Bd5 30. Rec1 Nf4 31. R1c2 Bxg2
32. Rc7 Rd1+ 33. Kh2 Rh1+ 34. Kg3 Rxh3+ 35. Kg4 Bf3# 0-1

[Event "17e open 1hKO"]
[Site "Montigny le Bretonneux"]
[Date "2013.05.18"]
[Round "3.13"]
[White "Stonner, Martin"]
[Black "Darpoux, Danielle"]
[Result "0-1"]
[WhiteElo "1440"]
[BlackElo "1386"]
[PlyCount "110"]
[EventDate "2013.04.??"]
[EventType "swiss"]
[EventRounds "7"]
[EventCountry "FRA"]
[SourceDate "2005.09.12"]

{Gambit dame accepté} 1. d4 d5 2. c4 dxc4 3. e4 e5 4. d5 Nf6 5. Nc3 Bb4 6. f3
c6 7. Bxc4 O-O 8. Nge2 Bxc3+ 9. Nxc3 b5 10. Bb3 a5 11. a4 b4 12. Nb1 c5 13. Be3
Nbd7 14. Nd2 Ba6 15. Nc4 Bxc4 16. Bxc4 Qc8 17. b3 Rb8 18. O-O Nb6 19. Bb5 c4
20. Bxb6 Rxb6 21. Bxc4 h5 22. Rc1 Qd7 23. Bb5 Qa7 24. Qd2 Rxb5+ 25. Qf2 Qxf2+
26. Rxf2 Rbb8 27. Rc5 Ra8 28. Rd2 Nd7 29. Rb5 Rfc8 30. d6 Rc3 31. Rb2 Rd3 32.
Rd5 Rxd5 33. exd5 Ra6 34. Rc2 Rxd6 35. Rd2 Nc5 36. Rb2 Rxd5 37. Kf1 Rd3 38. Ke2
Rc3 39. Kd1 Nxb3 40. Re2 Rc5 41. Re4 f5 42. Rh4 g6 43. g4 Rc4 44. Rh3 hxg4 45.
fxg4 Rxg4 46. Rxb3 Rg1+ 47. Ke2 Ra1 48. Re3 Rxa4 49. Rxe5 b3 50. Kd3 Rb4 51.
Rxa5 b2 52. Ra8+ Kh7 53. Ra7+ Kh6 54. Rc7 b1=Q+ 55. Rc2 Rb2 0-1

[Event "17e open 1hKO"]
[Site "Montigny le Bretonneux"]
[Date "2013.05.18"]
[Round "3.14"]
[White "Montay, Jean Paul"]
[Black "De Romance, Flavien"]
[Result "1-0"]
[WhiteElo "1369"]
[BlackElo "1310"]
[PlyCount "55"]
[EventDate "2013.04.??"]
[EventType "swiss"]
[EventRounds "7"]
[EventCountry "FRA"]
[SourceDate "2005.09.12"]

{Partie écossaise} 1. e4 e5 2. Nf3 Nc6 3. d4 exd4 4. Nxd4 Nxd4 5. Qxd4 c5 6.
Qd1 d6 7. Nc3 Nf6 8. Bd3 Be7 9. O-O O-O 10. Re1 Bg4 11. Be2 Bxe2 12. Qxe2 Re8
13. e5 dxe5 14. Qf3 Bd6 15. Qxb7 e4 16. Nxe4 Nxe4 17. Rxe4 Rxe4 18. Qxe4 Bc7
19. Be3 Rb8 20. b3 Qd6 21. g3 Bb6 22. Bf4 Qd8 23. Bxb8 Qxb8 24. Re1 Kf8 25.
Qxh7 f6 26. Qh8+ Kf7 27. Qxb8 Ba5 28. Qe8# 1-0

[Event "17e open 1hKO"]
[Site "Montigny le Bretonneux"]
[Date "2013.05.18"]
[Round "4.1"]
[White "Francois, Jean"]
[Black "Etrog, Jonathan"]
[Result "0-1"]
[WhiteElo "1823"]
[BlackElo "2210"]
[PlyCount "88"]
[EventDate "2013.04.??"]
[EventType "swiss"]
[EventRounds "7"]
[EventCountry "FRA"]
[SourceDate "2005.09.12"]

{Défense sicilienne} 1. c4 c5 2. Nc3 Nc6 3. e4 g6 4. d3 Bg7 5. Nf3 d6 6. Be2
Nf6 7. Bd2 O-O 8. h3 Rb8 9. Qc1 e6 10. Bh6 d5 11. Bxg7 Kxg7 12. cxd5 exd5 13.
exd5 Nxd5 14. Nxd5 Qxd5 15. Qc3+ Kg8 16. O-O Bf5 17. Rfe1 Rbd8 18. a3 Nd4 19.
Nxd4 Qxd4 20. Qxd4 Rxd4 21. Bf3 Rxd3 22. Bxb7 Rb8 23. Re7 Rd7 24. Rxd7 Bxd7 25.
Bd5 Rxb2 26. Rc1 Rb5 27. Rc3 Kf8 28. Rf3 Be8 29. Be4 Rb1+ 30. Kh2 Rc1 31. Bd5
c4 32. Kg3 Ke7 33. Re3+ Kd8 34. Kf3 c3 35. Rd3 Ke7 36. Re3+ Kd6 37. Rxe8 Kxd5
38. Rc8 Kd4 39. Ke2 Ra1 40. Rd8+ Kc4 41. Rc8+ Kb3 42. Rc7 c2 43. Rb7+ Ka4 44.
Rxa7+ Kb5 0-1

[Event "17e open 1hKO"]
[Site "Montigny le Bretonneux"]
[Date "2013.05.18"]
[Round "4.2"]
[White "Goulenok, Eric"]
[Black "Mourgues, Joelle"]
[Result "1/2-1/2"]
[WhiteElo "2187"]
[BlackElo "1737"]
[PlyCount "77"]
[EventDate "2013.04.??"]
[EventType "swiss"]
[EventRounds "7"]
[EventCountry "FRA"]
[SourceDate "2005.09.12"]

{Défense Pirc} 1. d4 Nf6 2. Nc3 e6 3. e4 d6 4. f4 c6 5. Nf3 Be7 6. Bd3 O-O 7.
O-O b6 8. e5 Nd5 9. Ne4 f5 10. Nxd6 Bxd6 11. exd6 Qxd6 12. Ne5 c5 13. Qh5 Nf6
14. Qf3 Nd5 15. c4 Nb4 16. dxc5 bxc5 17. Rd1 Qa6 18. a3 N4c6 19. Be3 Nd4 20.
Bxd4 cxd4 21. c5 Bb7 22. Bxa6 Bxf3 23. Nxf3 Nxa6 24. b4 Nc7 25. Rxd4 Nd5 26.
Kf2 Rfc8 27. Rc1 a5 28. Re1 axb4 29. axb4 Nc3 30. Rxe6 Ra2+ 31. Kf1 Ne4 32.
Rdxe4 fxe4 33. Rxe4 Rb2 34. Ne5 Kf8 35. c6 Ra8 36. c7 Ra1+ 37. Re1 Ra8 38. Rc1
Rc8 39. Nc6 1/2-1/2

[Event "17e open 1hKO"]
[Site "Montigny le Bretonneux"]
[Date "2013.05.18"]
[Round "4.3"]
[White "Forissier, Nicolas"]
[Black "Duval, Dominique"]
[Result "1-0"]
[WhiteElo "1966"]
[BlackElo "1780"]
[PlyCount "51"]
[EventDate "2013.04.??"]
[EventType "swiss"]
[EventRounds "7"]
[EventCountry "FRA"]
[SourceDate "2005.09.12"]

{Défense est-indienne, variante Sämisch orthodoxe} 1. d4 Nf6 2. c4 g6 3. Nc3
Bg7 4. e4 d6 5. f3 O-O 6. Be3 e5 7. d5 c5 8. Qd2 Na6 9. h4 Nh5 10. O-O-O f5 11.
exf5 Ng3 12. Rh2 Nxf5 13. Bg5 Bf6 14. Ne4 Bxg5 15. hxg5 Nd4 16. Nf6+ Rxf6 17.
gxf6 Qxf6 18. Ne2 Nxe2+ 19. Bxe2 Bf5 20. g4 Bd7 21. Qh6 Qf4+ 22. Qxf4 exf4 23.
Rdh1 h5 24. gxh5 Nb4 25. a3 a5 26. hxg6 1-0

[Event "17e open 1hKO"]
[Site "Montigny le Bretonneux"]
[Date "2013.05.18"]
[Round "4.4"]
[White "Artieres, Michel"]
[Black "Mundell, Peter"]
[Result "1-0"]
[WhiteElo "1700"]
[BlackElo "1927"]
[PlyCount "56"]
[EventDate "2013.04.??"]
[EventType "swiss"]
[EventRounds "7"]
[EventCountry "FRA"]
[SourceDate "2005.09.12"]

1. e4 d6 2. d4 Nf6 3. Nc3 c6 4. Bg5 Nbd7 5. f4 Qa5 6. Qd3 e5 7. O-O-O Be7 8. h3
h6 9. fxe5 dxe5 10. Be3 exd4 11. Bxd4 Bc5 12. Nf3 Bxd4 13. Qxd4 Qc5 14. Bc4
Qxd4 15. Rxd4 O-O 16. e5 Nd5 17. Nxd5 cxd5 18. Bxd5 Nb6 19. Bb3 Re8 20. a4 Bf5
21. Rf1 Bg6 22. Re1 Rad8 23. a5 Rxd4 24. Nxd4 Rd8 25. c3 Nd5 26. e6 fxe6 27.
Nxe6 Rd6 28. Nc5 b6 {suite non notée} 1-0

[Event "17e open 1hKO"]
[Site "Montigny le Bretonneux"]
[Date "2013.05.18"]
[Round "4.5"]
[White "Claisse, Patrick"]
[Black "Branson, James"]
[Result "1-0"]
[WhiteElo "1836"]
[BlackElo "1722"]
[PlyCount "51"]
[EventDate "2013.04.??"]
[EventType "swiss"]
[EventRounds "7"]
[EventCountry "FRA"]
[SourceDate "2005.09.12"]

{Partie espagnole} 1. e4 e5 2. Nf3 Nc6 3. Bb5 Nge7 4. Nc3 g6 5. d4 Bg7 6. Be3
O-O 7. d5 Nb8 8. Qd2 d6 9. Bh6 a6 10. Be2 Nd7 11. g4 Nb6 12. Ng1 c6 13. h4 cxd5
14. exd5 f5 15. h5 fxg4 16. hxg6 Nxg6 17. Bxg7 Kxg7 18. Qh6+ Kf6 19. Ne4+ Ke7
20. Qxh7+ Rf7 21. Qxg6 Nxd5 22. Ng5 Qa5+ 23. c3 Rf8 24. Rh7+ Kd8 25. Qxd6+ Ke8
26. Bd3 1-0

[Event "17e open 1hKO"]
[Site "Montigny le Bretonneux"]
[Date "2013.05.18"]
[Round "4.6"]
[White "Ferreira, Carlos"]
[Black "Mongey, Alain"]
[Result "1/2-1/2"]
[WhiteElo "1813"]
[BlackElo "1667"]
[PlyCount "88"]
[EventDate "2013.04.??"]
[EventType "swiss"]
[EventRounds "7"]
[EventCountry "FRA"]
[SourceDate "2005.09.12"]

{Ouverture du pion dame} 1. d4 c5 2. Nf3 Nf6 3. e3 cxd4 4. exd4 g6 5. Bd3 Bg7
6. O-O O-O 7. c3 d6 8. h3 Nbd7 9. Re1 b6 10. Na3 Bb7 11. Nc4 Re8 12. Bf4 a6 13.
Bh2 b5 14. Ncd2 Nb6 15. Qb3 Qc7 16. Ng5 Bd5 17. Qd1 Bh6 18. Nge4 Nxe4 19. Bxe4
Qb7 20. Bxd5 Qxd5 21. Nf3 Rac8 22. Re2 Nd7 23. Qe1 e6 24. Rd1 f5 25. a3 Nf6 26.
Nd2 Re7 27. f3 Rce8 28. Qh4 Bg7 29. Rde1 h6 30. Qg3 Kf7 31. Qxd6 Qxd6 32. Bxd6
Rd7 33. Be5 g5 34. Nb3 Bf8 35. Bxf6 Kxf6 36. Nc5 Bxc5 37. dxc5 a5 38. b4 a4 39.
Rc2 Rd3 40. Ra1 e5 41. c4 bxc4 42. Rxc4 Ke6 43. b5 Kd5 44. Rac1 Rb3 1/2-1/2

[Event "17e open 1hKO"]
[Site "Montigny le Bretonneux"]
[Date "2013.05.18"]
[Round "4.7"]
[White "Hurlot, Rodolphe"]
[Black "Duval, Sylvain"]
[Result "0-1"]
[WhiteElo "1754"]
[BlackElo "1972"]
[PlyCount "52"]
[EventDate "2013.04.??"]
[EventType "swiss"]
[EventRounds "7"]
[EventCountry "FRA"]
[SourceDate "2005.09.12"]

{Défense sicilienne, variante Alapine} 1. e4 c5 2. d4 cxd4 3. c3 g6 4. cxd4 d5
5. Nc3 dxe4 6. Bc4 Bg7 7. Be3 Nf6 8. Qa4+ Nbd7 9. Nge2 O-O 10. Qc2 a6 11. O-O
b5 12. Bb3 Bb7 13. Ng3 Rc8 14. Qb1 Nb6 15. Ngxe4 Nxe4 16. Nxe4 Bxd4 17. Rd1 e5
18. Bh6 Qh4 19. Rxd4 exd4 20. Nd6 Qxh6 21. Nxb7 Nc4 22. Bxc4 Rxc4 23. Nd6 Rc6
24. Ne4 Rfc8 25. Nf6+ Rxf6 26. Qe1 Rfc6 0-1

[Event "17e open 1hKO"]
[Site "Montigny le Bretonneux"]
[Date "2013.05.18"]
[Round "4.8"]
[White "Darpoux, Danielle"]
[Black "Gauthier, Arnaud"]
[Result "0-1"]
[WhiteElo "1386"]
[BlackElo "1853"]
[PlyCount "84"]
[EventDate "2013.04.??"]
[EventType "swiss"]
[EventRounds "7"]
[EventCountry "FRA"]
[SourceDate "2005.09.12"]

{Défense Petroff} 1. e4 d6 2. Nf3 Nf6 3. Nc3 e5 4. h3 c6 5. d3 Be7 6. Be2 O-O
7. O-O Nbd7 8. a3 h6 9. Na2 d5 10. exd5 cxd5 11. Nh2 Qb6 12. c3 a5 13. d4 e4
14. b4 Ne8 15. Be3 f5 16. f4 Ndf6 17. c4 dxc4 18. Bxc4+ Be6 19. Qb3 Bxc4 20.
Qxc4+ Kh8 21. Rfe1 Qa6 22. b5 Qd6 23. a4 Nd5 24. Rac1 Nef6 25. g4 Rac8 26. Qe2
Nxe3 27. Qxe3 Nd5 28. Qg3 Nxf4 29. Qe3 Nd3 30. Rxc8 Rxc8 31. Rf1 Bg5 32. Qe2
Qxd4+ 33. Kh1 f4 34. Nf3 exf3 35. Rxf3 Ne5 36. Rf1 Qd5+ 37. Kg1 f3 38. Qf2 Qd3
39. Re1 Rc2 40. Rxe5 Rxf2 41. Kxf2 Qd4+ 42. Kxf3 Qxe5 0-1